PROBLEMATIKA PŘEDŠKOLNÍ VÝCHOVY VE SVĚTLE ČINNOSTI OMEP

Bibliographic Details
Main Author: Monatová, L. (Author)
Format: Article
Language:Czech

MARC

LEADER 00000nab a2200000uu 4500
001 vtls011437545
003 SK-MaSNL
005 20260303145610.0
008 230222| xo |||||||||||||||||cze|
015 |a SNBRB 
035 |a (urnnbn)urn:nbn:sk:snk:ar-002jmr 
035 |a (uuid)2b575cc1-93b5-4d0f-a03e-dc8d22a50f12 
035 |a urn:nbn:sk:snk-abccog 
040 |a SNKBUCL  |b slo  |c SNKBUCL  |e AACR2 
041 0 |a cze 
044 |a xo  |c SK 
100 1 |a Monatová, L.  |4 aut  |9 1124195 
245 1 0 |a PROBLEMATIKA PŘEDŠKOLNÍ VÝCHOVY VE SVĚTLE ČINNOSTI OMEP  |c L. Monatová 
773 0 |t Predškolská výchova : pedagogický časopis pre učiteľky materských škôl  |g Roč. 24, č. 12 (1969-1970), s. 335-338 
958 |a OND 
958 |a EUIPO 
958 |a article16 
999 |c 2004015  |d 2005945